00286nam a2200109Ia 4500008004100000082001000041082000800051245007600059245001600135260001600151300000900167231017s9999 xx 000 0 und d a621.8 bCUN 4aThe Costs of Maintaining and Repairing Vehicles in Developing Countries 0cM A Cundill bM A Cundill c30cm